Word Ladder: Previously a Capital II Quiz Stats

Quiz Updated Jul 8, 2016

Challenge
Share
Tweet
Embed
Score 0/38 Timer 05:00
2 Plays Today
Clue 4-Letter Word % Correct
Word at the end of a prayerAMEN
99%
Foreboding phenomenonOMEN
94.4%
Events of 1914-18 and 1939-45WARS
93.8%
Shop sign that may be flippedOPEN
93.7%
One from the UKBRIT
92.7%
Serve tablesWAIT
92.4%
Birthstone after sapphireOPAL
92.1%
Brought into the worldBORN
91.2%
Witch feature, stereotypicallyWART
91.1%
Type of exam or hygieneORAL
90.9%
German subsidiary of General MotorsOPEL
90.1%
Crazy, in MexicoLOCO
90.1%
Ill-mannered young'unBRAT
90.1%
Device operated by a keyLOCK
89.9%
Document issued by a courtWRIT
89.7%
Voice of the iPhoneSIRI
89.3%
Microsoft search engineBING
88.6%
Severe Acute Respiratory SyndromeSARS
88.2%
Breakfast fiber sourceBRAN
87.1%
Clue 4-Letter Word % Correct
Word spoken while pointingLOOK
87%
Make a reservationBOOK
86.7%
First name in fragrances for ChanelCOCO
86.3%
Exclamation of the Muppets' Swedish ChefBORK
83.7%
Algerian seaport, escape route in city 'Casablanca'ORAN
83.4%
Capital of West Germany before German re-unification๐ŸŒ BONN ๐ŸŒ
83.1%
King Arthur, to GalahadSIRE
82.4%
Encrypted communicationCODE
82%
Capital of Iran during the Qajar dynasty๐ŸŒ SARI ๐ŸŒ
81.6%
'I'm afraid the TV Guide comes to Chanandler ____'BONG
81.3%
Potentially disastrous; kind of straitsDIRE
80.3%
Game show soundDING
80.3%
Innermost partCORE
79.9%
Rich supply of ore: mother ___LODE
77.5%
Capital of Venezuela before move to Caracas๐ŸŒ CORO ๐ŸŒ
74.6%
Scandalous or incriminating informationDIRT
62.5%
'By ___ of': because ofDINT
60.5%
Capital of South Yemen before Yemeni unification๐ŸŒ ADEN ๐ŸŒ
42.3%
De facto capital of Poland from 1945 to 1947๐ŸŒ ลร“Dลน ๐ŸŒ
32.9%

Today's Daily Dose

You're not logged in!

Compare scores with friends on all Sporcle quizzes.
Sign Up with Email
OR
Log In

You Might Also Like...

Show Comments

Extras

Top Quizzes Today


Score Distribution

Your Account Isn't Verified!

In order to create a playlist on Sporcle, you need to verify the email address you used during registration. Go to your Sporcle Settings to finish the process.